Downtown Cairo / (Record no. 30447)

MARC details
000 -LEADER
fixed length control field 01315nam a2200373 i 4500
003 - CONTROL NUMBER IDENTIFIER
control field EG-ScBUE
005 - DATE AND TIME OF LATEST TRANSACTION
control field 20230524113314.0
008 - FIXED-LENGTH DATA ELEMENTS--GENERAL INFORMATION
fixed length control field 200219t2015 ua ab f 000 0 eng d
020 ## - INTERNATIONAL STANDARD BOOK NUMBER
International Standard Book Number 9789775864208
040 ## - CATALOGING SOURCE
Original cataloging agency EG-ScBUE
Language of cataloging eng
Description conventions rda
Transcribing agency EG-ScBUE
Modifying agency EG-ScBUE
043 ## - GEOGRAPHIC AREA CODE
Geographic area code f-ua---
082 04 - DEWEY DECIMAL CLASSIFICATION NUMBER
Edition number 22
Classification number 962.16
Item number SEI
100 1# - MAIN ENTRY--PERSONAL NAME
Personal name Seif, Ola,
Relator term author of introduction, etc.
245 10 - TITLE STATEMENT
Title Downtown Cairo /
Statement of responsibility, etc foreword and notes by Ola Seif, edited by Sherif Boraie.
264 #1 - PUBLICATION, DISTRIBUTION, ETC. (IMPRINT)
Place of publication, distribution, etc Cairo :
Name of publisher, distributor, etc Zeitouna,
Date of publication, distribution, etc [2015]
264 #2 - PUBLICATION, DISTRIBUTION, ETC. (IMPRINT)
Place of publication, distribution, etc Egypt :
Name of publisher, distributor, etc Dar el-Kutub
264 #4 - PUBLICATION, DISTRIBUTION, ETC. (IMPRINT)
Date of publication, distribution, etc c2015
300 ## - PHYSICAL DESCRIPTION
Extent 94 pages :
Other physical details color illustrations, color maps ;
Dimensions 25 cm
336 ## - CONTENT TYPE
Content type term text
Content type code txt
Source rdacontent
337 ## - MEDIA TYPE
Media type term unmediated
Media type code n
Source rdamedia
338 ## - CARRIER TYPE
Carrier type term volume
Carrier type code nc
Source rdacarrier
546 ## - LANGUAGE NOTE
Language note Text in English and Arabic.
650 #7 - SUBJECT ADDED ENTRY--TOPICAL TERM
Topical term or geographic name as entry element Historic buildings
Geographic subdivision Egypt
-- Cairo
Form subdivision Pictorial works.
Source of heading or term BUEsh
650 #7 - SUBJECT ADDED ENTRY--TOPICAL TERM
Topical term or geographic name as entry element Central business districts
Geographic subdivision Egypt
-- Cairo
Form subdivision Pictorial works.
Source of heading or term BUEsh
651 #7 - SUBJECT ADDED ENTRY--GEOGRAPHIC NAME
Geographic name Cairo (Egypt)
Form subdivision Pictorial works.
Source of heading or term BUEsh
655 ## - INDEX TERM--GENRE/FORM
Form subdivision Reading book
700 1# - ADDED ENTRY--PERSONAL NAME
Personal name Boraįe, Sherif,
Relator term editor.
880 31 - ALTERNATE GRAPHIC REPRESENTATION
Linkage 246-01/r
a (3)4hSW GdHdO(B
880 1# - ALTERNATE GRAPHIC REPRESENTATION
Linkage 700-02/r
a (3)4Sja, YdG.(B
880 1# - ALTERNATE GRAPHIC REPRESENTATION
Linkage 700-03/r
a (3)4YRH, QTG.(B
880 1# - ALTERNATE GRAPHIC REPRESENTATION
Linkage 700-04/r
a (3)4HQYj, TQja.(B
942 ## - ADDED ENTRY ELEMENTS (KOHA)
Source of classification or shelving scheme Dewey Decimal Classification
Koha item type Book - Borrowing

No items available.